| 000 | 01108cam a22003375a 4500 | ||
|---|---|---|---|
| 001 | 14558216 | ||
| 005 | 20201128023656.0 | ||
| 008 | 060919s2007 enka frb 001 0 eng d | ||
| 010 | _a 2006935007 | ||
| 020 | _a9780750669399 (pbk.) | ||
| 020 | _a075066939X (pbk.) | ||
| 035 | _a(OCoLC)ocn123373173 | ||
| 040 |
_aUKM _beng _cUKM _dBAKER _dDLC _dEG-ScBUE |
||
| 082 | 0 | 4 |
_a658.315 _bLEA _222 |
| 100 | 1 |
_aLeat, Mike. _939525 |
|
| 245 | 1 | 0 |
_aExploring employee relations / _cMike Leat. |
| 250 | _a2nd ed. | ||
| 260 |
_aAbingdon ; _aNew York : _bRooutledge / Taylor & Francis Group, _c2007. |
||
| 300 |
_axii, 452 p. : _bill. ; _c25 cm. |
||
| 500 | _aPrevious ed. : 2001. | ||
| 500 | _aIndex : p. [443]-452. | ||
| 504 | _aIncludes bibliographical references. | ||
| 650 | 7 |
_aPersonnel management. _2BUEsh _9994 |
|
| 650 | 7 |
_aIndustrial relations. _2BUEsh _934909 |
|
| 650 | 0 |
_aPersonnel management _vProblems, exercises, etc. _2BUEsh |
|
| 650 | 0 |
_aIndustrial relations _vProblems, exercises, etc. _2BUEsh |
|
| 651 | _2BUEsh | ||
| 653 |
_bBUSECO _cMarch2016 |
||
| 655 |
_vText book _933728 |
||
| 942 | _2ddc | ||
| 999 |
_c21374 _d21346 |
||